000 005970000a22002050004500
001 1498
003 CO-MdFUSB
005 20170627192215.0
008 170627b xxu||||| |||| 00| 0 eng d
020 _a958-3005-47-9
040 _cCO-MdBIC
082 0 4 _a863C L569c
100 1 _aPerrault, Charles
245 1 0 _aCenicienta / Charles Perrault ; ilustraciones Javier F. Porras ; traducción David Chericián
250 _aEdición Gabriel Silva Rincón
260 _aSantafé de Bogotá : Panamericana Editorial
300 _a72 P.
650 1 4 _aCuentos infantiles franceses
942 _cLGB
999 _c48658
_d48658